Technological forecasting and long-range planning
This book has grow out of an interest in technological forecasting which dates back nearly a decade.
Saved in:
| Main Author: | |
|---|---|
| Format: | Book |
| Language: | Undetermined |
| Published: |
New York
McGraw-Hill
1969
|
| Subjects: | |
| Tags: |
Add Tag
No Tags, Be the first to tag this record!
|
| Institutions: | Trung tâm Học liệu Trường Đại học Cần Thơ |
|---|
| LEADER | 00643nam a2200193Ia 4500 | ||
|---|---|---|---|
| 001 | CTU_219055 | ||
| 008 | 210402s9999 xx 000 0 und d | ||
| 082 | |a 658.4 | ||
| 082 | |b A985 | ||
| 100 | |a Ayres, Robert U. | ||
| 245 | 0 | |a Technological forecasting and long-range planning | |
| 245 | 0 | |c Robert U. Ayres | |
| 260 | |a New York | ||
| 260 | |b McGraw-Hill | ||
| 260 | |c 1969 | ||
| 520 | |a This book has grow out of an interest in technological forecasting which dates back nearly a decade. | ||
| 650 | |a Technological forecasting,Dự báo công nghệ | ||
| 904 | |i Qhieu | ||
| 980 | |a Trung tâm Học liệu Trường Đại học Cần Thơ | ||